Risultati della Fiorentina in UEFA Europa League 2015-2016 - Statistics

Statistiche generali
  • Questo quiz è stato fatto 3 volte
  • Il punteggio medio è 2 su 8
Statistiche sulle risposte
Hint Risposta % Corretto
Fiorentina - Tottenham 1-1
67%
Tottenham - Fiorentina 3-0
67%
Belenenses - Fiorentina 0-4
33%
Fiorentina - Belenenses 1-0
33%
Basilea - Fiorentina 2-2
33%
Lech Poznań - Fiorentina 0-2
0%
Fiorentina - Basilea 1-2
0%
Fiorentina - Lech Poznań 1-2
0%
Nessun quiz corrispondente trovato
Distribuzione punteggi
Percentuale di utenti per punteggio
Percentile per numero di risposta
I tuoi punteggi nel tempo
Non hai fatto questo quiz